Normal view MARC view

Entry Personal Name

Number of records used in: 1

001 - CONTROL NUMBER

  • control field: 11339

003 - CONTROL NUMBER IDENTIFIER

  • control field: OSt

005 - DATE AND TIME OF LATEST TRANSACTION

  • control field: 20161202182118.0

008 - FIXED-LENGTH DATA ELEMENTS

  • fixed length control field: 161202|| aca||aabn | a|a d

040 ## - CATALOGING SOURCE

  • Original cataloging agency: OSt
  • Transcribing agency: OSt

100 ## - HEADING--PERSONAL NAME

  • Personal name: Edited by Daniele, Oriti

670 ## - SOURCE DATA FOUND

  • Source citation: Work cat.: (OSt): Edited by Daniele, Oriti, Approaches to Quantum Gravity: towards a new understanding of space, time and matter